| 000 | 01674nam0a2200337 4500 | ||
|---|---|---|---|
| 001 | RU\NLR\BIBL_A\022637838 | ||
| 005 | 20260420054437.0 | ||
| 010 |
_a978-5-6053495-1-8 _95000 |
||
| 021 |
_aRU _bКН-П-25-050146 _9КН-П-25-4846 |
||
| 035 | _a(NLR Aleph) 022637838 | ||
| 090 |
_a13685131 _c13685131 |
||
| 100 | _a20251007d2025 u y0rusy50 ca | ||
| 101 | 0 | _arus | |
| 102 | _aRU | ||
| 105 | _aa z 000gy | ||
| 181 | 0 |
_ai3 _baxxe |
|
| 181 | 0 |
_ab2 _bxb2e |
|
| 182 | 0 | _an | |
| 200 | 1 |
_aСказки _eдля семейного чтения _fА. С. Пушкин _gиллюстрации Б. В. Зворыкина |
|
| 203 |
_aТекст _aИзображение _bвизуальные _cнепосредственные |
||
| 210 |
_aСанкт-Петербург _cИно _d2025 |
||
| 215 |
_a76, [3] с. _cцв. ил. _d27 |
||
| 327 | 1 | _aСодерж.: Сказка о золотом петушке; Сказка о царе Салтане, о сыне его славном и могучем богатыре князе Гвидоне Салтановиче и о прекрасной царевне Лебеди; Сказка о рыбаке и рыбке; Сказка о мёртвой царевне и о семи богатырях | |
| 686 | 0 | _aШ9(2)60=Р5-5 | |
| 700 | 1 |
_7ca _8rus _aПушкин _bА. С. _cпоэт _f1799-1837 _gАлександр Сергеевич _9110441 _3RU\NLR\AUTH\77386 |
|
| 702 | 1 |
_4440 _7ca _8rus _aЗворыкин _bБ. В. _f1872-1945 _gБорис Васильевич _929757 _3RU\NLR\AUTH\7746822 |
|
| 942 | _cBOOK | ||
| 980 | _aNB | ||